[Event "Challenge"]
[Site "http://www.queenalice.com/game.php?id=850768"]
[Date "2010.10.26"]
[Round "-"]
[White "Veve"]
[Black "chyco"]
[Result "0-1"]
[WhiteElo "1201"]
[BlackElo "1673"]

1. g4 e5 2. Nf3 e4 3. Nd4 d5 4. h3 Qf6 5. Nb3 Bd6 6. c3 Ne7 7. h4 h5 8. gxh5
Rxh5 9. e3 Qg6 10. Be2 Rf5 11. h5 Qg2 12. d3 Qxh1+ 13. Bf1 Rxh5 14. Nd4 Rh2 15.
Qe2 Bg3 16. Kd2 Rxf2 17. Ne6 Rxe2+ 18. Kxe2 Bxe6 19. a4 Bg4+ 20. Kd2 Qf3 21. Be2
Qxe2# 0-1

[Event "Challenge"]
[Site "http://www.queenalice.com/game.php?id=851243"]
[Date "2010.10.27"]
[Round "-"]
[White "Veve"]
[Black "skimonline"]
[Result "1-0"]
[WhiteElo "1199"]
[BlackElo "1257"]

1. g4 Nf6 2. h3 h5 3. f3 c5 4. e4 Nc6 5. b3 Nd4 6. Bg2 Qa5 7. Nc3 b5 8. a3 b4 9.
Nb1 bxa3 10. Bxa3 Ba6 11. Bxc5 Qxa1 12. c3 Nxb3 13. Qxb3 Bd3 14. Bf1 Bxb1 15.
Ke2 Ba2 16. Qa4 hxg4 17. Bxa7 g3 18. e5 Nd5 19. h4 f6 20. c4 Nf4+ 21. Ke3 g5 22.
Bd4 Rxa4 23. d3 g2 24. Rh2 gxf1=Q 25. Rf2 Qac1+ 26. Ke4 d5+ 27. Kf5 Qxg1 28. c5
gxh4 29. Be3 Qxe3 30. Rxa2 Rxa2 31. c6 Qxd3+ 32. Kxf4 fxe5+ 33. Kxe5 1-0

[Event "Challenge"]
[Site "http://www.queenalice.com/game.php?id=866416"]
[Date "2010.12.2"]
[Round "-"]
[White "Veve"]
[Black "titi93"]
[Result "0-1"]
[WhiteElo "1217"]
[BlackElo "1553"]

1. a4 e6 2. g3 Bc5 3. d4 Be7 4. b3 d5 5. Bg2 Nc6 6. Be3 Nf6 7. Nc3 e5 8. h4 exd4
9. Bxd4 Bg4 10. Be3 Nb4 11. f3 Be6 12. Nb5 Bf5 13. c3 Nc2+ 14. Kd2 Nxa1 15. Qxa1
O-O 16. f4 Be4 17. Bf3 c6 18. Nd4 Bc5 19. Nc2 Bxe3+ 20. Kxe3 Ng4+ 21. Bxg4 Bxh1
22. Nh3 Qe7+ 23. Kd2 Qe4 24. Nf2 f5 25. Nxe4 Bxe4 26. Nd4 fxg4 27. Qa3 Rae8 28.
Qb4 Re7 29. Qxe7 b5 30. Qxa7 bxa4 31. Qxa4 Rc8 32. Nxc6 h6 33. Na7 Ra8 34. c4 d4
35. c5 Bf5 36. c6 Rd8 37. c7 Rf8 38. Qxd4 Be6 39. Qd3 Ra8 40. Nc6 Ra2+ 41. Kc3
Ra3 0-1

[Event "Challenge"]
[Site "http://www.queenalice.com/game.php?id=867999"]
[Date "2010.12.5"]
[Round "-"]
[White "TIKAR"]
[Black "Veve"]
[Result "1-0"]
[WhiteElo "1240"]
[BlackElo "1214"]

1. Nc3 g5 2. e4 Nf6 3. d4 h6 4. Nf3 Nc6 5. e5 Nh5 6. Nd2 a5 7. Qxh5 Nxd4 8. Kd1
d5 9. Nb3 Nc6 10. Bxg5 Bg7 11. Bh4 Nxe5 12. Bg3 Ra6 13. Bxa6 bxa6 14. Nxa5 d4
15. Ne4 Bb7 16. Nxb7 Qd5 17. Nec5 Qxg2 18. Re1 Nf3 19. Nd3 Nxe1 20. Nxe1 Qxb7
21. Rc1 Kd7 22. c3 Qxb2 23. Bf4 Qxf2 24. cxd4 Qxd4+ 25. Ke2 Qxf4 26. Rc2 Rb8 27.
Rd2+ Kc6 28. Qd5+ Kb6 29. Rb2+ Ka7 30. Qc6 Bxb2 31. Qc5+ Kb7 32. Qd5+ c6 33.
Qd7+ Kb6 34. Qxe7 f6 35. Nd3 Qf5 36. Nxb2 c5 37. a4 Rg8 38. Qd6+ Kb7 39. Nc4 1-0

[Event "LINDA"]
[Site "http://www.queenalice.com/game.php?id=884449"]
[Date "2011.1.11"]
[Round "-"]
[White "skimonline"]
[Black "Veve"]
[Result "0-1"]
[WhiteElo "1253"]
[BlackElo "1185"]

1. g3 b5 2. Nf3 Bb7 3. Bh3 a5 4. O-O g6 5. d4 h5 6. Qd3 b4 7. c4 Nf6 8. Bg5 Nh7
9. Bh4 Bg7 10. a3 b3 0-1

[Event "linda"]
[Site "http://www.queenalice.com/game.php?id=891940"]
[Date "2011.1.27"]
[Round "-"]
[White "skimonline"]
[Black "Veve"]
[Result "1-0"]
[WhiteElo "1234"]
[BlackElo "1220"]

1. Nf3 e5 2. Nxe5 d6 3. Nc4 b5 4. Nca3 Ba6 5. Nc3 c6 6. d4 h6 7. h4 Nf6 8. e3
Nbd7 9. Qd3 d5 10. f4 Qc8 11. Ne2 b4 12. Qxa6 Qxa6 13. f5 h5 14. c3 Qb5 15. Nxb5
cxb5 16. Nf4 bxc3 17. bxc3 Rc8 18. Bxb5 Rxc3 19. Bd2 Rc7 20. Rc1 Rb7 21. Bc6 Rb8
22. Nxd5 Rc8 23. Bb7 Rb8 24. Nc7+ Kd8 25. Ba5 Rxb7 26. O-O Ng4 27. Nd5+ Rb6 28.
Rc7 Ke8 29. Rc8# 1-0

[Event "Challenge"]
[Site "http://www.queenalice.com/game.php?id=893628"]
[Date "2011.1.31"]
[Round "-"]
[White "JD"]
[Black "Veve"]
[Result "1-0"]
[WhiteElo "1376"]
[BlackElo "1204"]

1. c3 b5 2. Qb3 a6 3. Nf3 d6 4. h4 Be6 5. c4 bxc4 6. Qb7 Nd7 7. Qc6 f5 8. Ng5
Nf6 9. Nxe6 Qb8 10. Nxc7+ Kf7 11. Nxa8 Ne5 12. Qxa6 Ned7 13. e3 Nc5 14. Bxc4+ d5
15. Qb6 Qe5 16. d4 Qd6 17. Qxc5 Ne4 18. Bxd5+ Kf6 19. Bxe4 h5 20. Qxf5# 1-0

[Event "Challenge"]
[Site "http://www.queenalice.com/game.php?id=895161"]
[Date "2011.2.2"]
[Round "-"]
[White "edemarc"]
[Black "Veve"]
[Result "1-0"]
[WhiteElo "1497"]
[BlackElo "1195"]

1. e4 b5 2. Nc3 a6 3. Nf3 Nh6 4. Nd5 Nc6 5. d3 e6 6. Nc3 Bb4 7. a3 Bc5 8. Ng5 f6
9. Qh5+ g6 10. Qxh6 Rf8 11. Nxh7 Rf7 12. Qxg6 Ke7 13. Nxf6 Qh8 14. Bg5 Rg7 15.
Nfd5+ Kf8 16. Qf6+ Kg8 17. Nxc7 Kh7 18. h4 d6 19. Nxa8 Bb7 20. Qh6+ Kg8 21.
Qxe6+ Kh7 22. Nd5 Bc8 23. Nf6+ Kg6 24. Qd5 Bb7 25. h5+ Qxh5 26. Rxh5 Bxa8 27.
Qf5+ Kf7 28. Nd7+ Kg8 29. Nf6+ Kf8 30. Rh8+ Kf7 31. Ne8# 1-0

[Event "Challenge"]
[Site "http://www.queenalice.com/game.php?id=899481"]
[Date "2011.2.12"]
[Round "-"]
[White "Veve"]
[Black "Phantom"]
[Result "1-0"]
[WhiteElo "1191"]
[BlackElo "1515"]

1. e4 g6 2. d3 Bg7 3. g3 e5 4. Nf3 Nc6 5. Na3 Nb4 6. c3 Nc6 7. h4 h5 8. Bg5 f6
9. Bxf6 Qxf6 10. Ng5 Nh6 11. Nb5 Ng4 12. f3 Nh6 13. d4 d6 14. Nxc7+ Kd8 15. Nxa8
b6 16. Nxb6 axb6 17. Qa4 Nb8 18. Qa7 Nd7 19. a4 Qf8 20. a5 b5 21. Bxb5 Nf7 22.
Ne6+ Ke8 23. Nxf8 Rxf8 24. f4 exf4 25. gxf4 Bh6 26. Rf1 Kd8 27. c4 Nf6 28. e5
dxe5 29. fxe5 Ng4 30. c5 Re8 31. Rxf7 Rf8 32. Rd7+ Ke8 33. b4 Ne3 34. e6 Rf1+
35. Bxf1 Nc2+ 36. Kd1 Ne3+ 37. Kd2 Nxf1+ 38. Kc3 Ne3 39. c6 Nd5+ 40. Rxd5 Bxe6
41. Re5 Kf8 42. Rxe6 Bf4 43. Rf1 1-0

[Event "Challenge"]
[Site "http://www.queenalice.com/game.php?id=907010"]
[Date "2011.3.1"]
[Round "-"]
[White "Veve"]
[Black "Phantom"]
[Result "0-1"]
[WhiteElo "1205"]
[BlackElo "1493"]

1. e4 e5 2. Nf3 d6 3. b4 Nf6 4. d3 Bg4 5. c4 Na6 6. b5 Nc5 7. h3 Bh5 8. a4 a5 9.
Bb2 b6 10. g3 Qd7 11. g4 Bg6 12. g5 Nh5 13. h4 Be7 14. Bh3 Qd8 15. Ra3 Nf4 16.
Bg4 Nfxd3+ 17. Rxd3 Nxd3+ 18. Qxd3 h5 19. Bh3 c5 20. Rg1 Qb8 21. Nc3 Qb7 22. Nd5
Bd8 23. Nc3 O-O 24. Qxd6 Be7 25. Qxe5 Rfe8 26. Nd5 Bxg5 27. Nxg5 Rxe5 28. Bxe5
f6 29. Bxf6 gxf6 30. Ne6 Kf7 31. f3 f5 32. Bxf5 Rg8 33. Nef4 Bxf5 34. Nxh5 Rxg1+
35. Kf2 Rh1 36. exf5 Qc8 37. Kg2 Re1 38. Nxb6 Qxf5 39. Kf2 Ra1 40. Ng3 Ra2+ 41.
Ke3 Ra3+ 42. Kf2 Qh3 43. Ne4 Qh2+ 44. Kf1 Ra1# 0-1

[Event "minha linda"]
[Site "http://www.queenalice.com/game.php?id=908419"]
[Date "2011.3.4"]
[Round "-"]
[White "skimonline"]
[Black "Veve"]
[Result "0-1"]
[WhiteElo "1269"]
[BlackElo "1174"]

1. e4 e5 2. Bb5 c6 3. Ba4 g5 4. Nf3 f6 5. b4 Na6 6. b5 g4 7. Nh4 d6 8. bxc6 Nc5
9. Nc3 a6 10. Nd5 b5 11. Nb6 Ra7 12. Nf5 Nxa4 13. Nxd6+ Ke7 14. Nf5+ Bxf5 15.
exf5 Qxb6 16. Ba3+ b4 17. Rb1 a5 18. d4 Nh6 19. Qd3 Nc3 20. Rb2 Bg7 21. O-O Qxc6
22. h3 bxa3 23. Rb3 Nxa2 24. d5 Qa4 25. d6+ Kf7 26. c4 Rc8 27. Ra1 Nb4 28. Qc3
Nc6 29. Raxa3 Qxb3 30. Qxb3 Nxf5 31. Qd3 Nxd6 32. Qxd6 Nd4 33. Qd7+ Rxd7 34.
hxg4 Rxc4 35. Rxa5 Ne2+ 36. Kf1 Rc2 37. Ra4 Rd1# 0-1

[Event "Challenge"]
[Site "http://www.queenalice.com/game.php?id=919951"]
[Date "2011.3.31"]
[Round "-"]
[White "Veve"]
[Black "Phantom"]
[Result "0-1"]
[WhiteElo "1201"]
[BlackElo "1497"]

1. e4 e5 2. c4 c5 3. Nf3 d6 4. h3 Nc6 5. b3 Nf6 6. g4 Rg8 7. g5 Nxe4 8. Bd3 Nxg5
9. h4 Ne6 10. Na3 Nb4 11. Nb5 a6 12. Nc3 Nf4 13. Nd5 Nfxd3+ 14. Ke2 Bg4 15. Ke3
e4 16. Kxe4 f5+ 17. Ke3 Qd7 18. Nb6 Qd8 19. Na4 Qe7+ 20. Ne5 Qxe5# 0-1

[Event "Linda"]
[Site "http://www.queenalice.com/game.php?id=1026786"]
[Date "2012.2.6"]
[Round "-"]
[White "Veve"]
[Black "skimonline"]
[Result "1-0"]
[WhiteElo "1194"]
[BlackElo "1294"]

1. e4 Nf6 2. f3 d5 3. d3 e5 4. c4 Bb4+ 5. Ke2 dxe4 6. dxe4 b6 7. a3 Ba5 8. b4
Ba6 9. Qd3 Qxd3+ 10. Kxd3 b5 11. Kc3 bxc4 12. bxa5 O-O 13. Bxc4 Bxc4 14. Kxc4
Nc6 15. a6 Na5+ 16. Kc3 c5 17. Kb2 Nc4+ 18. Kc3 Ne3 19. Bxe3 Rac8 20. h4 h5 21.
Kc4 Rc6 22. Nc3 Nd7 23. Nb5 Nb6+ 24. Kc3 Na4+ 25. Kd3 c4+ 26. Ke2 c3 27. f4 exf4
28. Bxf4 c2 29. Rc1 Nc3+ 30. Kd3 Rd8+ 31. Kxc2 Nxe4+ 32. Kb2 Nf2 33. Rxc6 Nxh1
34. Nxa7 Rb8+ 35. Bxb8 Nf2 36. Rc8+ Kh7 37. Nf3 Nd3+ 38. Kc3 Nc1 39. Ng5+ Kg6
40. Nc6 Ne2+ 41. Kd2 Nf4 42. Bxf4 f6 43. Ne7+ Kh6 44. Rh8# 1-0

[Event "linda"]
[Site "http://www.queenalice.com/game.php?id=1046323"]
[Date "2012.4.6"]
[Round "-"]
[White "skimonline"]
[Black "Veve"]
[Result "1-0"]
[WhiteElo "1249"]
[BlackElo "1212"]

1. Nf3 b5 2. e4 Bb7 3. a4 Bc6 4. Qe2 a6 5. b3 Nf6 6. d3 h5 7. Bg5 Ng4 8. c4 f6
9. Bf4 g6 10. h3 Ne5 11. Bxe5 d6 12. Bd4 g5 13. g4 e5 14. Bc3 a5 15. d4 b4 16.
Bb2 h4 17. d5 Bb7 18. Nfd2 Na6 19. Qf3 Nc5 20. Qf5 Bc8 21. Qg6+ Ke7 22. Be2 Rh6
23. Qg8 Bd7 24. Nf1 Nxe4 25. Ne3 Bc8 26. Nf5+ Ke8 27. Ng7+ Ke7 28. Nf5+ Kd7 29.
Qf7+ Be7 30. Nxh6 Bb7 31. Nd2 Nc5 32. Nf5 e4 33. f3 e3 34. Ne4 Nxb3 35. Bxf6
Nxa1 36. c5 Nc2+ 37. Kd1 b3 38. Kc1 Ba6 39. cxd6 Bxe2 40. Nc5+ Kc8 41. dxe7 Bxf3
42. exd8=Q# 1-0

[Event "marreco"]
[Site "http://www.queenalice.com/game.php?id=1129297"]
[Date "2012.12.7"]
[Round "-"]
[White "skimonline"]
[Black "Veve"]
[Result "1-0"]
[WhiteElo "1338"]
[BlackElo "1226"]

1. d4 Nc6 2. c3 g6 3. d5 Na5 4. b4 Nc4 5. Qd4 e5 6. Qxc4 f6 7. Nf3 g5 8. b5 b6
9. a4 g4 10. Nh4 Bc5 11. Nd2 d6 12. Nf5 1-0